[Event "Nova Gorica op-A 26th"]
[Site "Nova Gorica"]
[Date "2022.09.21"]
[Round "8"]
[White "Rozman, Monika"]
[Black "Cirkvencic, Franci"]
[Result "1-0"]
[WhiteElo "2111"]
[BlackElo "1987"]
[PlyCount "117"]
[EventDate "2022.09.16"]
[EventType "swiss"]
[EventRounds "9"]
[EventCountry "SLO"]
[SourceTitle "CBM 210 Extra"]
[Source "ChessBase"]
[SourceDate "2022.11.30"]
[SourceVersion "1"]
[SourceVersionDate "2022.11.30"]
[SourceQuality "1"]

1. e4 c5 2. d3 Nc6 3. g3 g6 4. Bg2 Bg7 5. f4 d6 6. Nf3 e6 7. 0-0 Nge7 8. c3 0-0 9. Na3 b6 10. Nc2 Ba6 11. Re1 Qd7 12. d4 cxd4 13. Nfxd4 Rac8 14. Nxc6 Nxc6 15. Be3 Rfd8 16. Qd2 Na5 17. Rad1 Nc4 18. Qc1 Qb5 19. Bf1 Qxb2 20. Qxb2 Nxb2 21. Bxa6 Nxd1 22. Rxd1 Rxc3 23. Bd3 Rdc8 24. Nd4 Bxd4 25. Bxd4 Rc1 26. Rf1 Kf8 27. Bb2 Rxf1+ 28. Kxf1 d5 29. exd5 exd5 30. Ke2 Re8+ 31. Kd2 Kg8 32. Bb5 Re6 33. Bc3 h6 34. Kd3 d4 35. Kxd4 Rd6+ 36. Ke5 Rd1 37. Kf6 Rd6+ 38. Ke7 Re6+ 39. Kd7 Re3 40. Be5 Kf8 41. a4 Re4 42. Kc7 a6 43. Bc6 Re2 44. Kxb6 Rxh2 45. Kxa6 Rh3 46. a5 Rxg3 47. Kb6 Rb3+ 48. Bb5 Ke7 49. a6 Ra3 50. a7 Rxa7 51. Kxa7 f6 52. Bc7 f5 53. Kb6 g5 54. Kc5 Kf6 55. Kd4 gxf4 56. Bxf4 h5 57. Bf1 Ke6 58. Bh3 Kf6 59. Kd5 1-0

[Event "NATO-ch 32nd"]
[Site "Tartu"]
[Date "2022.06.30"]
[Round "5"]
[White "Cirkvencic, Franci"]
[Black "Rosseel, Kimball"]
[Result "1-0"]
[WhiteElo "2000"]
[BlackElo "1831"]
[PlyCount "71"]
[EventDate "2022.06.27"]
[EventType "swiss"]
[EventRounds "7"]
[EventCountry "EST"]
[SourceTitle "CBM 209 Extra"]
[Source "ChessBase"]
[SourceDate "2022.09.30"]
[SourceVersion "1"]
[SourceVersionDate "2022.09.30"]
[SourceQuality "1"]

1. d4 d6 2. Nf3 g6 3. g3 Bg7 4. Bg2 Nf6 5. 0-0 0-0 6. c4 Nbd7 7. Nc3 a6 8. e4 e5 9. h3 Rb8 10. a4 exd4 11. Nxd4 Ne5 12. b3 Bd7 13. Be3 c5 14. Nde2 Qe7 15. Ra2 Rbd8 16. Bg5 h6 17. Nd5 Qe6 18. Nef4 Qxd5 19. Nxd5 hxg5 20. Nxf6+ Bxf6 21. Qxd6 Be6 22. Qxc5 Rc8 23. Qe3 Nxc4 24. bxc4 Bxc4 25. Rd2 Bxf1 26. Bxf1 Rb8 27. Rd6 Be7 28. Rd7 Rfe8 29. Qb6 Kf8 30. Rxb7 Rxb7 31. Qxb7 a5 32. Bc4 Rd8 33. Bd5 f5 34. Qa6 fxe4 35. Qe6 Ke8 36. Qxg6+ 1-0

[Event "NATO-ch 32nd"]
[Site "Tartu"]
[Date "2022.06.27"]
[Round "1"]
[White "Cirkvencic, Franci"]
[Black "Coulon, Dominic"]
[Result "1-0"]
[WhiteElo "2000"]
[BlackElo "1701"]
[PlyCount "89"]
[EventDate "2022.06.27"]
[EventType "swiss"]
[EventRounds "7"]
[EventCountry "EST"]
[SourceTitle "EXT 2023"]
[Source "ChessBase"]
[SourceDate "2022.10.05"]
[SourceVersion "1"]
[SourceVersionDate "2022.10.05"]
[SourceQuality "1"]

1. Nf3 d6 2. d4 Nf6 3. g3 c6 4. Bg2 g6 5. c4 Bg7 6. Nc3 0-0 7. 0-0 a5 8. e4 Qc7 9. h3 e5 10. Be3 Na6 11. Qd2 Re8 12. Rfe1 Bd7 13. Rad1 Rad8 14. a3 Be6 15. d5 Bc8 16. Rc1 Nc5 17. Qc2 Ncd7 18. b4 axb4 19. axb4 h6 20. Nd2 g5 21. Nb3 Nf8 22. f3 Nh5 23. Qf2 Qe7 24. Bb6 Rd7 25. c5 Qf6 26. Red1 Ng6 27. b5 cxd5 28. Nxd5 Qe6 29. c6 bxc6 30. bxc6 Rde7 31. Bf1 Nf6 32. Nxe7+ Nxe7 33. Na5 h5 34. Bc4 Qxh3 35. Qg2 h4 36. Qxh3 Bxh3 37. gxh4 gxh4 38. Rxd6 Nc8 39. Rd8 Nxb6 40. Rxe8+ Nxe8 41. Rb1 Nc8 42. Kh2 Be6 43. Bxe6 fxe6 44. Rb8 Ncd6 45. Nb7 1-0

[Event "Nova Gorica op 24th"]
[Site "Nova Gorica"]
[Date "2019.01.27"]
[Round "5"]
[White "Liu, Zhaoqi"]
[Black "Cirkvencic, Franci"]
[Result "1-0"]
[WhiteElo "2300"]
[BlackElo "2012"]
[PlyCount "92"]
[EventDate "2019.01.25"]
[EventType "swiss"]
[EventRounds "9"]
[EventCountry "SLO"]
[SourceTitle "CBM 188 Extra"]
[Source "ChessBase"]
[SourceDate "2019.02.26"]
[SourceVersion "1"]
[SourceVersionDate "2019.02.26"]
[SourceQuality "1"]

1. c4 Nf6 2. Nc3 e5 3. g3 Bb4 4. Bg2 0-0 5. e4 Nc6 6. Nge2 Bxc3 7. bxc3 d6 8. 0-0 Be6 9. d3 h6 10. Rb1 b6 11. f4 Bg4 12. h3 Bxe2 13. Qxe2 Rb8 14. g4 exf4 15. Bxf4 Ne5 16. g5 hxg5 17. Bxg5 Ned7 18. d4 Qe8 19. Rbe1 Nh7 20. Bh4 Qe6 21. Kh2 c6 22. Bg3 Rbc8 23. h4 Rcd8 24. Bh3 Qe7 25. Qf3 c5 26. Re2 g6 27. Qf4 Ndf6 28. Bg4 Nxg4+ 29. Qxg4 Qe6 30. Qf3 cxd4 31. cxd4 Qxc4 32. d5 f5 33. Rg1 Nf6 34. exf5 Ng4+ 35. Kh3 gxf5 36. Bf4 Kh8 37. Reg2 Rg8 38. Bg5 Rdf8 39. Be7 Rf7 40. Bxd6 Kh7 41. Bf4 Rfg7 42. d6 Qe6 43. Bc1 Rg6 44. Bb2 a5 45. Re2 Qxd6 46. Qxf5 Qb4 1-0

[Event "NATO-ch 28th"]
[Site "Budapest"]
[Date "2017.03.28"]
[Round "2"]
[White "Cirkvencic, Franci"]
[Black "Werksma, Arie"]
[Result "0-1"]
[WhiteElo "2030"]
[BlackElo "2192"]
[PlyCount "96"]
[EventDate "2017.03.27"]
[EventType "swiss"]
[EventRounds "7"]
[EventCountry "HUN"]
[SourceTitle "CBM 177 Extra"]
[Source "ChessBase"]
[SourceDate "2017.04.27"]
[SourceVersion "1"]
[SourceVersionDate "2017.04.27"]
[SourceQuality "1"]

1. d4 Nf6 2. Nf3 e6 3. c4 b6 4. g3 Bb7 5. Bg2 Bb4+ 6. Bd2 Be7 7. 0-0 0-0 8. Bc3 d5 9. Ne5 Qc8 10. Nd2 c5 11. Rc1 dxc4 12. Bxb7 Qxb7 13. Ndxc4 Rd8 14. e3 Na6 15. Qf3 Qxf3 16. Nxf3 Nd5 17. Nce5 Rac8 18. dxc5 Nxc5 19. Nd4 f6 20. Nec6 Rd7 21. Nxe7+ Rxe7 22. Bd2 Ree8 23. b4 Ne4 24. Rxc8 Rxc8 25. Rd1 e5 26. Nb5 a6 27. Be1 Nxe3 28. fxe3 axb5 29. Rd5 Rc2 30. Rxb5 Rxa2 31. Rxb6 Ng5 32. Bc3 Nf3+ 33. Kf1 Nxh2+ 34. Ke1 Ng4 35. Bd2 h5 36. Rb8+ Kh7 37. b5 g5 38. b6 Rb2 39. Ba5 h4 40. gxh4 gxh4 41. Rb7+ Kg6 42. Rb8 h3 43. Rg8+ Kf5 44. e4+ Kf4 45. Kd1 h2 46. Rh8 Kg3 47. Kc1 Rb5 48. Be1+ Kg2 0-1

[Event "SLO-chT2 West"]
[Site "Ljubljana"]
[Date "2013.11.16"]
[Round "7.2"]
[White "Luzar, Emil"]
[Black "Cirkvencic, Franci"]
[Result "1/2-1/2"]
[WhiteElo "2179"]
[BlackElo "2148"]
[PlyCount "99"]
[EventDate "2013.11.08"]
[EventType "team"]
[EventRounds "9"]
[EventCountry "SLO"]
[SourceTitle "EXT 2015"]
[Source "ChessBase"]
[SourceDate "2014.11.20"]
[SourceVersion "1"]
[SourceVersionDate "2014.11.20"]
[SourceQuality "1"]
[WhiteTeam "Dolenjske Toplice"]
[BlackTeam "Stari Mayr Kranj"]
[WhiteTeamCountry "SLO"]
[BlackTeamCountry "SLO"]

1. e4 c5 2. Nc3 Nc6 3. f4 g6 4. Nf3 Bg7 5. Bb5 e6 6. 0-0 Nge7 7. d3 0-0 8. Kh1 d6 9. Qe1 Nd4 10. Nxd4 cxd4 11. Ne2 Qc7 12. Ba4 f5 13. Bd2 fxe4 14. dxe4 Bd7 15. Bb3 Kh8 16. Ng1 b5 17. Nf3 a5 18. Ng5 Bf6 19. Bxe6 Bxg5 20. Bxd7 Qxd7 21. fxg5 Rxf1+ 22. Qxf1 Qe6 23. Qxb5 Qxe4 24. Re1 Qd5 25. Qxd5 Nxd5 26. Re4 d3 27. cxd3 Rc8 28. Rc4 Re8 29. Re4 Rc8 30. Kg1 Rc2 31. Re2 Kg8 32. Kf2 Rxb2 33. Bxa5 Rb7 34. g3 Rf7+ 35. Kg2 Ra7 36. Be1 Ra3 37. h4 Kf7 38. Rb2 Ke6 39. d4 Ne3+ 40. Kh3 Nd5 41. Kg4 Ne3+ 42. Kh3 Nd5 43. Rb7 Nf4+ 44. Kg4 Nd3 45. Rxh7 Nxe1 46. Rg7 Nf3 47. Rxg6+ Ke7 48. h5 Nh2+ 49. Kh3 Nf1 50. Kg2 1/2-1/2